Museo de la diversidad biológica
Gespeichert in:
| 1. Verfasser: | |
|---|---|
| Weitere Verfasser: | |
| Format: | Unbekannt |
| Sprache: | Spanish |
| Veröffentlicht: |
[San José,Costa Rica]
2011
|
| Schlagworte: | |
| Online Zugang: | https://cedi.ucr.ac.cr/arquitectura/museo-de-la-diversidad-biologica/ |
| Tags: |
Tag hinzufügen
Keine Tags, Fügen Sie den ersten Tag hinzu!
|
MARC
| LEADER | 00000 a2200000 4500 | ||
|---|---|---|---|
| 003 | EA0009 | ||
| 005 | 20230530150116.0 | ||
| 008 | 140114s2011 cr a 000 ||spa d | ||
| 040 | |c cru CEDI | ||
| 090 | |a TFG EA-009 | ||
| 100 | |a Matamoros Cubero, Andrés |9 19923 | ||
| 245 | |a Museo de la diversidad biológica | ||
| 260 | |a [San José,Costa Rica] |c 2011 | ||
| 500 | |a Proyecto de graduación (licenciatura en arquitectura)--Universidad de Costa Rica. Facultad de Ingeniería. Escuela de Arquitectura | ||
| 501 | |a Director de Proyecto de Graduación: Arq. Jorge Grané del Castillo | ||
| 650 | |x CONSERVACION DE LA BIODIVERSIDAD |x MUSEO DE LA DIVERSIDAD BIOLOGICA (COSTA RICA) - DISENO Y CONSTRUCCION |x BIODIVERSIDAD |9 19924 | ||
| 700 | |9 71 |a Grané del Castillo, Jorge, 1939- |d Director del TFG | ||
| 856 | |u https://cedi.ucr.ac.cr/arquitectura/museo-de-la-diversidad-biologica/ |y https://cedi.ucr.ac.cr/arquitectura/museo-de-la-diversidad-biologica/ | ||
| 942 | |c CEDI |2 ddc | ||
| 999 | |c 11562 |d 11562 | ||
